Online katalóg knižníc regiónu Turca

Recepty zo Života (Record no. 21333)

MARC details
000 -LEADER
fixed length control field 01741nam a2200481 a 4500
001 - CONTROL NUMBER
control field 21333
003 - CONTROL NUMBER IDENTIFIER
control field VRT
005 - DATE AND TIME OF LATEST TRANSACTION
control field 20260227133554.0
008 - FIXED-LENGTH DATA ELEMENTS--GENERAL INFORMATION
fixed length control field 240226s2002 xo a slo
015 ## - NATIONAL BIBLIOGRAPHY NUMBER
National bibliography number SNBA2006/04-02148
020 ## - INTERNATIONAL STANDARD BOOK NUMBER
International Standard Book Number 8085258277
Qualifying information (viaz.)
035 ## - SYSTEM CONTROL NUMBER
System control number SNK000205150
035 ## - SYSTEM CONTROL NUMBER
System control number urn:nbn:sk:snk-amkfuz
035 ## - SYSTEM CONTROL NUMBER
System control number urn:nbn:sk:snk-am003snx
035 ## - SYSTEM CONTROL NUMBER
System control number 0B81A42A-E328-4887-8215-905F2A2D77A8
039 #9 - LEVEL OF BIBLIOGRAPHIC CONTROL AND CODING DETAIL [OBSOLETE]
Level of rules in bibliographic description 202402261851
Level of effort used to assign nonsubject heading access points VLOAD
Level of effort used to assign subject headings 201712011111
Level of effort used to assign classification VLOAD
Level of effort used to assign subject headings 201602081558
Level of effort used to assign classification VLOAD
Level of effort used to assign subject headings 201503091120
Level of effort used to assign classification VLOAD
040 ## - CATALOGING SOURCE
Original cataloging agency SNK
Language of cataloging slo
Transcribing agency SNK
Description conventions AACR2
041 0# - LANGUAGE CODE
Language code of text/sound track or separate title slo
044 ## - COUNTRY OF PUBLISHING/PRODUCING ENTITY CODE
MARC country code xo
ISO country code SK
072 #7 - SUBJECT CATEGORY CODE
Subject category code 641 Kuchárstvo. Potraviny. Varené jedlá
Source konspekt
080 ## - UNIVERSAL DECIMAL CLASSIFICATION NUMBER
Universal Decimal Classification number 641.85
Common auxiliary subdivision (083.12)
Edition identifier 2001
080 ## - UNIVERSAL DECIMAL CLASSIFICATION NUMBER
Universal Decimal Classification number (083.12)
Edition identifier 1981
080 ## - UNIVERSAL DECIMAL CLASSIFICATION NUMBER
Universal Decimal Classification number 641.85
Edition identifier 1981
245 00 - TITLE STATEMENT
Title Recepty zo Života
Statement of responsibility, etc. [z čitateľských receptov zostavili a upravili: Soňa Hodulová a Ivica Ondrejičková ; autor fotografií: Vladimír Horecký]
Number of part/section of a work 6
Name of part/section of a work Koláče, zákusky a iné maškrty
250 ## - EDITION STATEMENT
Edition statement 1. vyd.
260 ## - PUBLICATION, DISTRIBUTION, ETC.
Place of publication, distribution, etc. Bratislava
Name of publisher, distributor, etc. Euroskop - Ringier
Date of publication, distribution, etc. 2002
300 ## - PHYSICAL DESCRIPTION
Extent 157 s.
Other physical details fareb. fotogr.
Dimensions 24 cm
500 ## - GENERAL NOTE
General note Fareb. fotogr. na front.
500 ## - GENERAL NOTE
General note Zozn.
650 07 - SUBJECT ADDED ENTRY--TOPICAL TERM
Topical term or geographic name entry element múčniky
Source of heading or term SNK
650 07 - SUBJECT ADDED ENTRY--TOPICAL TERM
Topical term or geographic name entry element dezerty
Source of heading or term SNK
650 07 - SUBJECT ADDED ENTRY--TOPICAL TERM
Topical term or geographic name entry element sladké jedlá
Source of heading or term SNK
650 07 - SUBJECT ADDED ENTRY--TOPICAL TERM
Topical term or geographic name entry element torty
Source of heading or term SNK
655 #7 - INDEX TERM--GENRE/FORM
Genre/form data or focus term príručky
Source of term SNK
655 #7 - INDEX TERM--GENRE/FORM
Genre/form data or focus term kuchárske recepty
Source of term SNK
700 1# - ADDED ENTRY--PERSONAL NAME
Personal name Horecký, Vladimír
Relationship pht
700 1# - ADDED ENTRY--PERSONAL NAME
Personal name Hodulová, Soňa
Relationship com
700 1# - ADDED ENTRY--PERSONAL NAME
Personal name Ondrejičková, Ivica
Relationship com
942 ## - ADDED ENTRY ELEMENTS (KOHA)
Source of classification or shelving scheme Dewey Decimal Classification
Koha item type Odborná literatúra pre dospelých
Suppress in OPAC No
949 ## - LOCAL PROCESSING INFORMATION (OCLC)
6 17A0423176
9 P60, <03>, [BOOK], {603}, -B-
a snkSC 91915/6
b snkKSP 5990/2004
s 6100:20140925
949 ## - LOCAL PROCESSING INFORMATION (OCLC)
6 17A0435047
9 P60, <04>, [BOOK], {604}
a snkSC 91915/6 D1
b snkKSP 8359/2004
o OS
Holdings
Stav vyradenia Strata Poškodenie Spôsob nadobudnutia Domovská knižnica Aktuálna knižnica Dátum nadobudnutia Total checkouts Čiarový kód exemplára Date last seen Typ exemplára
      Dar Obecná knižnica Horná Štubňa Obecná knižnica Horná Štubňa 27.02.2026   4736201508 27.02.2026 Odborná literatúra pre dospelých
Projekt je podporený Slovenskou asociáciou knižníc
Prevádzkuje Turčianska knižnica Martin 2026